000 00721nam a22002297a 4500
005 20171010104449.0
010 _aENG-120774
020 _a9789352606788
_c695.00
020 _a9352606787
_c695.00
035 _aEN-104306
037 _bDBAD/PUB
082 _a658.1511
100 _aKhan,M.Y.
245 _aManagement accounting:
_cby M.Y. Khan [and] P.K. Jain
_btext, problems and cases/
250 _a7th
260 _aNoida
_bMcGraw Hill education
_c2018
270 _aB-4, Sector-63,Dist. Gautam Budh Nagar
_bNoida,(UP)
_e201301
300 _aVarious pagings
_c24cm(pbk)
500 _aIncludes bibliographical references and index
700 _aJain,P.K.
942 _2ddc
_cEN
_h658.1511
_mKHA
999 _c146366
_d146366